000 00434nam a2200109Ia 4500
008 220216s9999 xx 000 0 und d
100 _aSebastian M.S.
245 0 _aLatest developments in procesing procedures
260 _bSeminar on Technically Specified Rubber, 4 January 1996, Department of Processing and Product Development, Rubber Board, Kottayam, India.
_c1996
650 _aTechnically specified rubber processing
942 _cBS
999 _c52901
_d52901